000 00542nam a22001817a 4500
005 20250225074505.0
008 250225b |||||||| |||| 00| 0 eng d
020 _a9780702195464
041 _aEnglish
082 _a345 VAN
100 _aVan der Berg J
_lEnglish
245 _aBail: A Practitioner's Guide /
_cJ Van der Berg
250 _aThird Edition
260 _aCape Town:
_bJuta and Company Ltd,
_c2012
300 _bxxxix, 279 pages;
_c25 cm.
650 _aLegal practice
_bLaw
942 _cBK
_6ALISON_BN_VRIES
999 _c3293
_d3293